Normal view
MARC view
- Malik, Kamal Mazhar
Entry Personal Name
001 - CONTROL NUMBER
- control field: 125531
003 - CONTROL NUMBER IDENTIFIER
- control field: NUST
005 - DATE AND TIME OF LATEST TRANSACTION
- control field: 20240829161831.0
008 - FIXED-LENGTH DATA ELEMENTS
- fixed length control field: 240829|| aca||aabn | a|a d
040 ## - CATALOGING SOURCE
- Original cataloging agency: NUST
- Transcribing agency: NUST
100 ## - HEADING--PERSONAL NAME
- Personal name: Malik, Kamal Mazhar
670 ## - SOURCE DATA FOUND
- Source citation: Work cat.: (NUST): Malik, Kamal Mazhar, Disturbance Rejection and Roll Over Estimation for Control of Non-Linear Robotic System/
